000 01232nam a2200361 c 4500
003 BLK
005 20180420231045.0
008 180409b bul|||||r ||||||| ||bul||
010 _aKNG00120821000
020 _a3-7304-0118-1
_bиздат.: Verl. fur die Frau - на том (Т.10)
040 _aBLK
041 _aDEU
_cDEU
080 _aХудожествени ръкоделия
_b746
_x
_z746
139 _aHandarbeitstechnik
_bH 22
245 1 0 _aHandarbeitstechnik
_bBd. 1 - 11
_nBd. 10
_pWeben
250 _a11 Aufl.
257 _aDEU
260 Leipzig
_bVerl. fur die Frau
_c1977 -
300 _c23 см
380 _a7
650 4 _aРъкоделие, художествено
_9314040
653 _aръкоделие
653 _aгоблени
653 _aпана
653 _aапликации
653 _aкошничарство
760 1 _3- на том (Т.10)
_b11 Aufl.
_dVerl. fur die Frau, 1979
_h65 с. : с ил.
_tBd. 10 Weben
852 _aЦб 126600
856 4 _qpdf
_u
856 4 _qpdf
_u
942 _cKNG
_n0
944 _aCR
_c14.01.2011
_lдобави в АБ / 13.01.2011
_kНаталия_Любомирова
944 _aED
_c25.09.2015
_lдобави в АБ / 13.01.2011
_kИрена_Линкова
999 _c115340
_d115340